| 000 | 01153cam a22003377a 4500 | ||
|---|---|---|---|
| 003 | CHAP | ||
| 005 | 20220817041621.0 | ||
| 008 | 971013s1972 r 00010 d | ||
| 010 | _a19813 | ||
| 011 | _a20785 | ||
| 035 | _a24874 | ||
| 040 | _cCHAP | ||
| 090 | _aFolleto 5178 | ||
| 100 | 0 | 0 |
_aBolaños T., Rubén Darío. _913481 |
| 245 | 0 | _aCuidados del lechón en el período más crítico | |
| 260 |
_aChapingo, Méx. : _bDirección General de Extensión Agrícola, _c1972 |
||
| 300 |
_a8 p. _b: ilus. |
||
| 410 | 1 | 0 | _aMéxico. Dirección General de Extensión Agrícola |
| 490 | 0 |
_aFolleto para agricultores _v; 5 |
|
| 590 |
_aBATCH-UPD _b10 _c20130110 _lUCH01 _h1824 |
||
| 590 |
_aBATCH-UPD _b10 _c20130410 _lUCH01 _h1157 |
||
| 590 |
_aBATCH-UPD _b10 _c20130914 _lUCH01 _h1006 |
||
| 590 |
_aCONVERSION _b10 _c20130109 _lUCH01 _h1312 |
||
| 650 | 1 | 4 | _aLechones. |
| 810 | 1 | 0 | _aMéxico. Dirección General de Extensión Agrícola |
| 830 | 0 |
_aFolleto para agricultores _v; 5 _942056 |
|
| 901 | _aBK | ||
| 942 | _cFOLL | ||
| 949 |
_aFolleto 5178 _bBC _cFOLL _d-57432 _eTS1 _i24874 _mD _si |
||
| 949 |
_aFolleto 5178 _bBC _cFOLL _d-57433 _eTS2 _fc.2 _i24874 _mD _si |
||
| 999 |
_c19813 _d19813 |
||